• 首页
  • 本馆介绍
  • 公告通知
  • 最新文献
  • 馆藏检索
  • 电子资源
  • 读者导购
  • 参考咨询
  • 我的图书馆
  • 登录
  • 详细信息显示
  • 放入我的书架
  • 预约/预借图书
  • 作者相关作品
  • 分类相关作品
  • 丛书相关作品
  • 出版社相关作品

书目信息

  • 表格格式
  • 工作单格式
  • 卡片格式
题名:
中学物理例题与习题
    
 
作者: 辛培之 , 李景春li jing chun 著
分册:  
出版信息: 上海   上海人民出版社  1979
页数: 380页
开本: 19cm
丛书名:
单 册:
中图分类: G634.7 , G633.7
科图分类:
主题词: 物理--中学--教学参考资料
电子资源:
ISBN:
000 00676nam0 2200253 45
001 0179004290
005 20070720170640.70
010    @dCNY0.87
091    @a7150.1960
100    @a19950720d1979 demy0chiy0121 ea
101 0  @achi
102    @aCN@b310000
105    @ay z 000yy
200 10 @a中学物理例题与习题@Azhong xue wu li li ti yu xi ti@f辛培之,李景春著
210    @a上海@c上海人民出版社@d1979
215    @a380页@d19cm
606    @a物理@x中学@x教学参考资料
610 0  @a复习
690    @aG634.7@v3
690    @aG633.7
701  0 @a辛培之@Axin pei zhi@4著
701  0 @a李景春li jing chun@4著
801  0 @aCN@bNLC@c20070720
905    @f1@b24862@dG633.7@e109
    
    中学物理例题与习题/辛培之,李景春著.-上海:上海人民出版社,1979
    380页;19cm
    
    
    ISBN :CNY0.87
    
●
相关链接 在E读中查询图书 在五车中查询图书 在当当中查询图书 在豆瓣中查询图书


正题名:中学物理例题与习题     索取号:G633.7/109         预约/预借

序号 登录号 条形码 馆藏地/架位号 状态 备注
1 0024854   000615784   密集书库/ [索取号:G633.7/109] 在馆    
2 0024855   000615793   密集书库/ [索取号:G633.7/109] 在馆    
3 0024862   001954861   密集书库/ [索取号:G633.7/109] 在馆    
4 0768968   207689688   密集书库/ [索取号:G633.7/109] 在馆    
5 0769627   207696279   密集书库/ [索取号:G633.7/109] 在馆    
唐山师范学院图书馆 欢迎您!
大连网信软件有限公司© 版权所有